| 000 | 01795cam a22004574i 4500 | ||
|---|---|---|---|
| 003 | PE-LiUPU | ||
| 005 | 20250731173504.0 | ||
| 008 | 150616s1993 nsc r 000 0 eng d | ||
| 020 | _a0567096513 | ||
| 035 | _a(Sirsi) i9780567096517 | ||
| 040 |
_aPE-LiUPU _bspa _cPE-LiUPU _erda |
||
| 049 | _aPRUA | ||
| 082 | 0 | 4 |
_a230.0922 _bN54 _221 |
| 100 | 1 |
_aNichols O.P, Aidan, _eautor. |
|
| 245 | 1 | 0 | _aByzantine Gospel Maximus the Confessor in Modern Scholarship. |
| 264 | 1 |
_aEdinburgh : _bT & T Clark Ltd., _c1993. |
|
| 300 |
_a264 páginas ; _c22 centímetros |
||
| 336 |
_atext _2rdacontent |
||
| 337 |
_aunmediated _2rdamedia |
||
| 338 |
_avolume _2rdacarrier |
||
| 505 | 0 | _aBackground, Life, Work -- Vittorio Ccrocce on Maximus' theological Method -- Pierre Piret on the Trinity and Christology in Maximus'Thought -- Michel van Esbroeck on Maximus' Mariology -- Lars Thunberg and Alain Riou on World and Church in Maximus -- Lars Thunberg on Maximus' Docctrine of Man -- Juan-Miguel Garrigues on Maximian Soteriology. | |
| 526 | _aSEG42 | ||
| 526 | _aSEG41 | ||
| 526 | _aSEG40 | ||
| 526 | _aSEG39 | ||
| 526 | _aP94 | ||
| 526 | _aP87 | ||
| 526 | _aP86 | ||
| 526 | _aP85 | ||
| 526 | _aP77 | ||
| 526 | _aP76 | ||
| 526 | _aP35 | ||
| 650 | 0 | 4 | _aMaximo, El confesor, 580-662 - Estudio. |
| 910 |
_ajck _bjvq _cjck |
||
| 942 |
_2ddc _cBOOK |
||
| 949 |
_a230.0922 N54 _wDEWEY _c1 _i40400 _lCCODEBUL1 _mBUL _r0 _sY _tBOOK _u2015-6-16 _xTEOLOGIA _zUNKNOWN _0COMPRA _o.STAFF. Colección Teología |
||
| 994 |
_aC0 _bPEPRU |
||
| 596 | _a1 | ||
| 999 |
_a230.0922 N54 _wDEWEY _c58205 _i40400 _f2021-11-9 _g6 _lCCODEBUL1 _mBUL _p40.00 _r0 _sY _tBOOK _u2015-6-16 _xTEOLOGIA _PP35 _0COMPRA _o.STAFF. Colección Teología _d58205 |
||
| 980 |
_81 _gALBERTO SANCHEZ Responsable de Automatización |
||